000 00239nam a2200109Ia 4500
008 190216s9999||||xx |||||||||||||| ||und||
100 _aAsees V A A
245 0 _aAlkaradi
260 _bVidyarthimithram
650 _aMalayalam
942 _cBK
999 _c26558
_d26558